00567nam a2200169Ia 4500008004100000100002300041245008100064245002300145260005900168260000900227300001000236650001800246650001500264856002600279999001900305952007300324170221s9999 xx 000 0 und d aJefferson Spurlock 4aThe Efficacy of Religious Outdoor Advertising in the Southern United States  cJefferson Spurlock bOnline Journal of Communication and Media Technologies c2014 a4 : 3 xCommunication xMedia Arts uhttp://www.ojcmt.net/ c307194d307194 001040aCLbCLd2017-02-21l0r2017-02-21 00:00:00w2017-02-21yFOJ